Statistics for Russia

Click here to take the quiz!

General Stats

  • This quiz has been taken 23 times
  • The average score is 9 of 20

Answer Stats

HintAnswer% Correct
During the Soviet era where could be sent the prisoners for forced-labor?Gulag
91%
How many time zones are set across the country?11
86%
Except the EU, what is its most important trading partner?China
86%
When did Russia annex Crimea?2014
77%
How is best known Ivan IV?The Terrible
77%
When did Stalin die?1953
68%
Who wrote the "Crime and Punishment" in 1866?Fyodor Dostoevsky
68%
What term is used to call an administrative division in Russia?Oblast
59%
What are the first and last cities served by the Trans-Siberian Railway?Moscow and Vladivostok
50%
Who ruled from 1762 to 1796?Catherine the Great
41%
What does USSR mean?Union of Soviet Socialist Republics
41%
What famous dolls are emblematic of Russian art?Matryoshka dolls
36%
What major city is located in the Kola Peninsula?Murmansk
36%
What is its main TV network?RT
36%
From what location are its spacecrafts launched?Baikonur Cosmodrome
23%
Who is the Patriarch of the Russian Orthodox Church (2018)?Kirill of Moscow
18%
What was the name of the hydrogen bomb that blew up in Novaya Zemlya in 1961?Tsar Bomba
18%
What is the most common surname (2005)?Smirnov
14%
How is called the monument that celebrates the "Heroes of the Battle of Stalingrad"?The Motherland Calls
5%
What animals are represented on its Coat of armsA double-headed eagle and a horse
0%

Score Distribution

Percentile by Number Answered

Percent of People with Each Score

Your Score History

You have not taken this quiz